| 000 | 00558nam a2200217 a 4500 | ||
|---|---|---|---|
| 001 | BRCA_6564 | ||
| 005 | 20190320205515.0 | ||
| 008 | 300911s1940----gw-ab#####---#000-0#ger-# | ||
| 041 | _ager | ||
| 044 | _agw | ||
| 050 | 4 |
_aVK563 _b.N38 |
|
| 245 | 1 | 0 |
_aNautische Tafelsammlung _cHerausggeben von F. Bolte. |
| 250 | _a2 | ||
| 260 |
_aHamburg _bJ. F. Richter _c[1940] |
||
| 300 |
_axv, 212 p. _bil.(algunas a color), mapas _c26 cm. |
||
| 500 | _aL107 | ||
| 650 | 1 | 4 |
_aNavegación _915772 |
| 700 | 1 |
_aBolte, F. _eed. _916375 |
|
| 902 | _aGFM | ||
| 942 |
_2lcc _cB |
||
| 999 |
_c6248 _d6248 |
||